000 00273nam a2200109Ia 4500
008 190216s9999||||xx |||||||||||||| ||und||
100 _aTharakan K M
245 0 _aMalayala Novel Sahithya Charithram
260 _bNbs Kottayam
650 _aMalayalam Charithram
942 _cBK
999 _c25332
_d25332